000 00474nam a2200181Ia 4500
008 090124s9999 xx 000 0 und d
082 _b18204
100 _aराजे शैलजा
245 _a सावर
250 _a0
260 _bदिलीप प्रकाशन
_c1978
300 _a168
600 _aराजे शैलजा
630 _a सावर
700 _aराजे शैलजा
730 _a सावर
942 _cBOOK
999 _c89801
_d89801